000
00284nam a2200109Ia 4500
008
220204s9999 xx 000 0 und d
082
_a
681.31C
_b
SMI
100
_a
Smitha, Norman E
245
0
_a
Write your own programming language using C++
260
_a
Delhi
_b
BPB
_c
1992
942
_c
BK
999
_c
40617
_d
40617